[Event "Tournament (computers)"]
[Site "Internet"]
[Date "2008.01.26"]
[Round "2"]
[White "Computer \"]
[Black "Computer \"]
[Result "1/2-1/2"]
[WhiteElo "2266"]
[BlackElo "2493"]
[PlyCount "129"]
[EventDate "2008.??.??"]
[Source "www.chesslib.no"]
[SourceDate "2004.05.04"]

1. Nc3 d5 2. e4 Nf6 3. e5 d4 4. exf6 dxc3 5. fxg7 cxd2+ 6. Qxd2 Qxd2+ 7. Bxd2 Bxg7 8. O-O-O Be6 9. a3 Nd7 10. Nh3 Bxh3 11. gxh3 O-O-O 12. f3 Bd4 13. Bc4 Ne5 14. Be2 Rhg8 15. f4 Rg2 16. Rhe1 Ng6 17. Bg4+ e6 18. f5 Bxb2+ 19. Kxb2 Rdxd2 20. Rxd2 Rxd2 21. fxg6 hxg6 22. Be2 c6 23. Kc3 Rd8 24. Rf1 Rd7 25. h4 Kc7 26. h5 gxh5 27. Bxh5 f5 28. Bg6 Rd5 29. h4 Rc5+ 30. Kd3 Rd5+ 31. Ke3 Ra5 32. Ra1 Re5+ 33. Kf4 Re4+ 34. Kg5 Rg4+ 35. Kf6 Rxh4 36. Kxe6 b5 37. Bxf5 Ra4 38. Rd1 Rxa3 39. Rd7+ Kb6 40. Rd6 Kc7 41. Be4 Rc3 42. Rd7+ Kb6 43. Rd8 Rc4 44. Ke5 a5 45. Rb8+ Kc5 46. Rc8 Kb6 47. Rf8 a4 48. Ra8 Kb7 49. Rd8 a3 50. Rd1 Kb6 51. Ra1 Ra4 52. Ra2 b4 53. Bf3 Kc5 54. Bh5 Ra7 55. Bg4 Rh7 56. c3 Rh1 57. cxb4+ Kxb4 58. Rc2 Re1+ 59. Kd4 c5+ 60. Kd3 Kb3 61. Rc3+ Kb2 62. Rc2+ Kb3 63. Rc3+ Kb4 64. Rc4+ Kb3 65. Rc3+ 1/2-1/2

[Event "Troll Masters"]
[Site "Gausdal NOR"]
[Date "1986.??.??"]
[Round "?"]
[White "Wibe, Terje Paul"]
[Black "Ostenstad, Berge"]
[Result "1/2-1/2"]
[WhiteElo "2385"]
[BlackElo "2370"]
[PlyCount "27"]
[EventDate "1986.??.??"]
[Source "www.chesslib.no"]
[SourceDate "2004.05.04"]

1. e4 d5 2. exd5 Nf6 3. Nc3 Nxd5 4. Bc4 Nb6 5. Bb3 Nc6 6. Qf3 e6 7. Nge2 Be7 8. d3 Na5 9. O-O O-O 10. Re1 Nxb3 11. axb3 Nd5 12. Ng3 Nb4 13. Qd1 b6 14. Nh5 1/2-1/2

[Event "Corr"]
[Site "?"]
[Date "2000.10.01"]
[Round "?"]
[White "Pommerel Wim H"]
[Black "Luzuriaga Norberto Horacio"]
[Result "1-0"]
[WhiteElo "2405"]
[BlackElo "2350"]
[PlyCount "55"]
[EventDate "2000.??.??"]
[Source "www.chesslib.no"]
[SourceDate "2004.05.04"]

1. Nc3 d5 2. e4 Nf6 3. e5 d4 4. Nce2 Ng4 5. f4 h5 6. Nf3 c5 7. Ng3 g6 8. Bc4 e6 9. Ne4 Be7 10. O-O O-O 11. b3 b6 12. Bb2 Bb7 13. Qe2 a6 14. c3 b5 15. Bd3 dxc3 16. dxc3 Qb6 17. c4 Rd8 18. Neg5 Nh6 19. Qc2 Kg7 20. Nh4 Ng4 21. Bxg6 Ne3 22. Qb1 Nd7 23. Bxh5 Bxg5 24. fxg5 Nxf1 25. Qxf1 Rf8 26. Rd1 Qc6 27. Rxd7 Qxd7 28. Qf6+ 1-0

[Event "Cheliabinsk-B"]
[Site "Chelyabinsk RUS"]
[Date "1991.??.??"]
[Round "?"]
[White "Yandemirov, Valeri"]
[Black "Kolasinski, Marek"]
[Result "1/2-1/2"]
[WhiteElo "2420"]
[BlackElo "2335"]
[PlyCount "58"]
[EventDate "1991.12.??"]
[Source "www.chesslib.no"]
[SourceDate "2004.05.04"]

1. e4 d5 2. exd5 Nf6 3. Nc3 Nxd5 4. Bc4 Nb6 5. Bb3 Nc6 6. Nf3 Bf5 7. O-O e6 8. Qe2 Be7 9. Ne4 Nd4 10. Nxd4 Qxd4 11. d3 O-O 12. c3 Qd7 13. d4 Nd5 14. Re1 c6 15. Bd2 b6 16. Rad1 Rfe8 17. Qf3 Nf6 18. Nxf6+ Bxf6 19. Bf4 Red8 20. h3 Bg6 21. Be5 Bxe5 22. Rxe5 Qc7 23. Rde1 Rac8 24. h4 h6 25. Qg4 Bf5 26. Qf4 c5 27. d5 c4 28. dxe6 Bxe6 29. Bc2 Rd5 1/2-1/2

[Event "Balatonbereny Open"]
[Site "Balatonbereny HUN"]
[Date "1992.??.??"]
[Round "6"]
[White "Kofidis, Andreas"]
[Black "Varga, Zoltan"]
[Result "0-1"]
[WhiteElo "2350"]
[BlackElo "2400"]
[PlyCount "56"]
[EventDate "1992.09.??"]
[Source "www.chesslib.no"]
[SourceDate "2004.05.04"]

1. e4 Nf6 2. Qe2 d6 3. Nf3 c5 4. c3 Nc6 5. d3 g6 6. g3 Bg7 7. Bg2 O-O 8. Nbd2 Rb8 9. O-O b5 10. d4 b4 11. e5 Nd5 12. Qe4 bxc3 13. Qxd5 cxd2 14. Bxd2 Bb7 15. Qc4 cxd4 16. e6 f5 17. Qa4 Qb6 18. Rac1 Rfc8 19. b4 a6 20. Rfd1 Rc7 21. Bf4 Rbc8 22. a3 Qb5 23. Qc2 h6 24. Qd2 g5 25. Bxg5 hxg5 26. a4 Qd5 27. Nxg5 Qe5 28. f4 Qe3+ 0-1

[Event "Elbow Beach Club GM-B"]
[Site "Paget Parish"]
[Date "2001.01.22"]
[Round "4"]
[White "Thorhallsson, Throstur"]
[Black "Fierro Baquero, Martha Lorena"]
[Result "1-0"]
[WhiteElo "2462"]
[BlackElo "2287"]
[PlyCount "67"]
[EventDate "2001.01.19"]
[Source "ChessBase"]
[SourceDate "2001.03.20"]

1. e4 d5 2. Nc3 Nf6 3. e5 d4 4. Nce2 d3 5. exf6 dxe2 6. Nxe2 gxf6 7. d4 Bf5 8. Ng3 Bg6 9. h4 h6 10. c3 c6 11. Bf4 Qb6 12. Qd2 Nd7 13. h5 Bh7 14. Bc4 O-O-O 15. O-O e5 16. Be3 f5 17. dxe5 Bc5 18. Bf4 Nxe5 19. Qe2 Rhe8 20. Bxe5 Bd6 21. Bd4 c5 22. Be3 Rxe3 23. Qxe3 f4 24. Qf3 fxg3 25. Qxf7 Bg8 26. Qf5+ Kb8 27. Bxg8 Rxg8 28. Rad1 gxf2+ 29. Qxf2 Bg3 30. Qf7 c4+ 31. Kh1 Rc8 32. Rf3 Be5 33. Qe7 Bc7 34. Rf8 1-0

[Event "XIII festival A"]
[Site "Zupanja CRO"]
[Date "2007.01.05"]
[Round "3.11"]
[White "Dimitrov, Pavel"]
[Black "Bobanac, Miro"]
[Result "1-0"]
[WhiteElo "2441"]
[BlackElo "2303"]
[PlyCount "52"]
[EventDate "2007.01.03"]
[Source "www.chesslib.no"]
[SourceDate "2004.05.04"]

1. e4 Nf6 2. Qf3 d6 3. c3 g5 4. d4 g4 5. Qd3 b6 6. g3 d5 7. e5 Ne4 8. Qc2 f5 9. h3 Bg7 10. hxg4 fxg4 11. Bd3 Be6 12. Nd2 Nxd2 13. Bxd2 c6 14. Ne2 Kd7 15. Nf4 Bg8 16. Bxh7 Kc7 17. O-O-O Nd7 18. Bxg8 Qxg8 19. Qf5 Rf8 20. Ne6+ Kc8 21. Nxf8 Bxf8 22. Rxh8 Qxh8 23. Qxg4 Kc7 24. f4 Qh2 25. Qf3 Qh7 26. f5 Bh6 1-0

[Event "NED Ch sf"]
[Site "Enschede NED"]
[Date "1991.??.??"]
[Round "6"]
[White "Pliester, Leon"]
[Black "Zagema, Wieb"]
[Result "1/2-1/2"]
[WhiteElo "2400"]
[BlackElo "2335"]
[PlyCount "121"]
[EventDate "1991.??.??"]
[Source "www.chesslib.no"]
[SourceDate "2004.05.04"]

1. e4 d5 2. exd5 Nf6 3. Nc3 Nxd5 4. Bc4 Nf6 5. Nf3 Nc6 6. d4 Bg4 7. Be3 e6 8. Be2 Bb4 9. O-O O-O 10. h3 Bh5 11. a3 Bxc3 12. bxc3 Ne4 13. Qe1 Qd6 14. Ng5 Bg6 15. Nxe4 Bxe4 16. Bd3 Bxd3 17. cxd3 e5 18. dxe5 Nxe5 19. Qb1 b6 20. Rd1 Rad8 21. Bd4 Ng6 22. Qb5 c5 23. Be3 f5 24. Qc4+ Kh8 25. Bg5 Rd7 26. d4 h6 27. dxc5 Qxd1+ 28. Rxd1 Rxd1+ 29. Kh2 hxg5 30. Qe2 Rd5 31. cxb6 axb6 32. Qh5+ Kg8 33. Qxg6 Rf6 34. Qe8+ Kh7 35. Qh5+ Rh6 36. Qxg5 Rc5 37. c4 Re6 38. Qh4+ Kg6 39. Qg3+ Kf7 40. Qd3 Kf6 41. f3 Rec6 42. Qd8+ Kf7 43. Qd7+ Kf6 44. Qd8+ Kg6 45. Qe8+ Kh7 46. Qh5+ Rh6 47. Qf7 Rg6 48. f4 Kh6 49. Qe8 Kh7 50. Qf7 Ra5 51. Kh1 Rf6 52. Qh5+ Rh6 53. Qf7 Rg6 54. Kh2 Kh6 55. Qe8 Rf6 56. Qh8+ Kg6 57. Qe8+ Kh7 58. Qh5+ Kg8 59. Qe8+ Kh7 60. Qh5+ Rh6 61. Qf7 1/2-1/2

[Event "NRW-Liga 9900"]
[Site "Germany"]
[Date "2000.03.01"]
[Round "6.2"]
[White "Schneider, Bernd"]
[Black "Odendahl, Reiner"]
[Result "1/2-1/2"]
[WhiteElo "2415"]
[BlackElo "2320"]
[PlyCount "47"]
[EventDate "1999.10.??"]
[Source "www.chesslib.no"]
[SourceDate "2004.05.04"]

1. e4 d5 2. Nc3 Nf6 3. e5 Ne4 4. Nce2 Nc5 5. d4 Ne6 6. f4 g6 7. Be3 Ng7 8. h3 h5 9. g3 e6 10. Nf3 Nf5 11. Bf2 c5 12. c3 Qb6 13. Qd2 Nc6 14. Bg2 cxd4 15. Nexd4 Ncxd4 16. Nxd4 Nxd4 17. Bxd4 Bc5 18. O-O-O Bd7 19. Kb1 O-O-O 20. Qe3 Bxd4 21. Rxd4 Bb5 22. Rhd1 Kb8 23. Bf3 Rc8 24. R1d2 1/2-1/2

[Event "Espoo"]
[Site "Espoo"]
[Date "1986.??.??"]
[Round "?"]
[White "Kivisto, Mikko"]
[Black "Valkesalmi, Kimmo"]
[Result "1/2-1/2"]
[WhiteElo "2330"]
[BlackElo "2405"]
[PlyCount "98"]
[EventDate "1986.??.??"]
[Source "www.chesslib.no"]
[SourceDate "2004.05.04"]

1. e4 d5 2. Nc3 Nf6 3. e5 Nfd7 4. Nxd5 Nxe5 5. Ne3 c5 6. b3 Nbc6 7. Bb2 e6 8. g3 Nd4 9. Bg2 Be7 10. f4 Nd7 11. c3 Nf5 12. Nf3 O-O 13. Nxf5 exf5 14. Qc2 Bf6 15. O-O a5 16. c4 Bxb2 17. Qxb2 a4 18. Rfe1 Ra6 19. Rad1 Qa5 20. Ne5 Rb6 21. Re3 Nxe5 22. Rxe5 Qb4 23. Qc2 Be6 24. Re3 Rd8 25. Rd3 Rbd6 26. Rxd6 Rxd6 27. d3 a3 28. Qd2 Qb6 29. Kf2 Qa6 30. Qe3 Qb6 31. Qf3 Rd7 32. h3 Qd6 33. Qe3 h5 34. Qe5 Qb6 35. Bf3 g6 36. g4 h4 37. g5 Qd8 38. Be2 b6 39. Qf6 Qc7 40. Qe5 Qd8 41. Ke1 Rd6 42. Bf3 Kh7 43. d4 cxd4 44. Kd2 Qc7 45. Kd3 Kg8 46. Rd2 Qd8 47. Re2 Kh7 48. Bg2 Rd7 49. Bc6 Rd6 1/2-1/2

[Event "CZE-chT2a 9596"]
[Site "Czech Republic"]
[Date "1996.??.??"]
[Round "?"]
[White "Vavra, Pavel"]
[Black "Seleljo, Daniel"]
[Result "1-0"]
[WhiteElo "2350"]
[BlackElo "2385"]
[PlyCount "37"]
[EventDate "1995.??.??"]
[Source "www.chesslib.no"]
[SourceDate "2004.05.04"]

1. e4 d5 2. Nc3 Nf6 3. e5 d4 4. Nce2 d3 5. Nf4 dxc2 6. Qf3 Ng4 7. e6 f5 8. Ngh3 g6 9. Ng5 Bg7 10. Nf7 Ne5 11. Qc3 Nxf7 12. Qxg7 Bxe6 13. Nxe6 Qd6 14. Bc4 Qe5+ 15. Kf1 Nd7 16. d4 Qxg7 17. Nxg7+ Kf8 18. Ne6+ Kg8 19. Ng5 1-0

[Event "RUS-Cup1 Chigorin mem"]
[Site "St Petersburg"]
[Date "1996.??.??"]
[Round "6"]
[White "Eliseev, Alexey"]
[Black "Galliamova, Alisa"]
[Result "1-0"]
[WhiteElo "2260"]
[BlackElo "2475"]
[PlyCount "79"]
[EventDate "1996.11.??"]
[Source "ChessBase"]

1. e4 d5 2. exd5 Nf6 3. Nc3 Nxd5 4. Bc4 e6 5. Qf3 Nb6 6. Bb5+ c6 7. Be2 Be7 8. b3 O-O 9. Bb2 Bf6 10. Qg3 c5 11. Nf3 Nc6 12. h4 Ne7 13. O-O-O a5 14. Ne4 Bxb2+ 15. Kxb2 Nf5 16. Qe5 f6 17. Qxc5 Nd5 18. Rhe1 b6 19. Qa3 Bb7 20. g4 Nf4 21. Bf1 Nh6 22. g5 Ng4 23. gxf6 Bxe4 24. fxg7 Qf6+ 25. Kb1 Qxg7 26. Rxe4 Nxf2 27. Rde1 Nxe4 28. Rxe4 Qg4 29. Be2 Qg2 30. Bd1 Ng6 31. Re3 Qf1 32. Kc1 Rad8 33. h5 Nf4 34. Qe7 Qb5 35. Ne5 Kh8 36. h6 Nh5 37. Bxh5 Qf1+ 38. Kb2 Qf6 39. Qxf6+ Rxf6 40. Nf7+ 1-0

[Event "TCh-CZE 2002-3"]
[Site "Czech Rep"]
[Date "2003.03.15"]
[Round "8"]
[White "Vyskocil, Neklan"]
[Black "Sikora Lerch, Jan"]
[Result "1-0"]
[WhiteElo "2387"]
[BlackElo "2346"]
[PlyCount "81"]
[EventDate "2003.01.01"]
[Source "Roberto Alvarez"]
[SourceDate "2003.04.28"]

1. e4 d5 2. exd5 Nf6 3. Nc3 Nxd5 4. Bc4 e6 5. Nge2 b6 6. O-O Be7 7. d3 O-O 8. Ng3 c6 9. Qe2 b5 10. Bb3 Nd7 11. Nce4 Nc5 12. Nxc5 Bxc5 13. Ne4 Be7 14. d4 a5 15. a3 Ba6 16. Rd1 Qb6 17. Bg5 Bxg5 18. Nxg5 Rae8 19. Qf3 b4 20. a4 Nf6 21. Qe3 e5 22. dxe5 Qxe3 23. fxe3 Rxe5 24. Nxf7 Rxf7 25. Rd8+ Re8 26. Rxe8+ Nxe8 27. Rd1 Kf8 28. Bxf7 Kxf7 29. Rd7+ Ke6 30. Ra7 Be2 31. Rxa5 Kd6 32. Ra8 Kd7 33. a5 Nc7 34. Rf8 Bc4 35. Rf4 Bd5 36. Rxb4 c5 37. Rg4 g6 38. Rh4 h5 39. Rf4 Be6 40. e4 Ne8 41. a6 1-0

[Event "Open"]
[Site "Montpellier"]
[Date "2003.??.??"]
[Round "4.16"]
[White "Riff, Jean Noel"]
[Black "Bergez, Luc"]
[Result "1-0"]
[WhiteElo "2331"]
[BlackElo "2400"]
[PlyCount "131"]
[EventDate "2003.07.07"]
[Source "Roberto Alvarez"]
[SourceDate "2003.08.04"]

1. e4 d5 2. exd5 Nf6 3. Nc3 Nxd5 4. Bc4 Nxc3 5. Qf3 e6 6. bxc3 Bd6 7. Ne2 Nd7 8. d4 Qf6 9. Qxf6 Nxf6 10. Rb1 b6 11. f3 Bd7 12. Kf2 c5 13. Bf4 Bxf4 14. Nxf4 Rc8 15. d5 exd5 16. Nxd5 Nxd5 17. Bxd5 Ke7 18. Rbd1 Bf5 19. Rd2 h5 20. c4 Kf6 21. Rg1 Rce8 22. h4 Re5 23. a4 Rd8 24. Rgd1 a5 25. Bc6 Rxd2+ 26. Rxd2 Ke7 27. c3 Be6 28. Bd5 Bxd5 29. cxd5 c4 30. f4 Re4 31. g3 Kd6 32. Rb2 Kxd5 33. Rxb6 Re7 34. Rb5+ Ke4 35. Ke2 f6 36. Rxa5 Rc7 37. Rxh5 Ra7 38. Rh8 Rxa4 39. Re8+ Kd5 40. Kf3 Ra3 41. Re3 Ra1 42. h5 Rd1 43. Kg4 Rd3 44. Re7 f5+ 45. Kh4 Rxc3 46. Rxg7 Ke6 47. Rg6+ Kf7 48. Rc6 Kg7 49. h6+ Kh7 50. Rf6 Rc1 51. Rxf5 Kg6 52. Rc5 c3 53. h7 Rh1+ 54. Kg4 Kxh7 55. Rxc3 Rh6 56. Rc7+ Kg8 57. Kg5 Ra6 58. g4 Kh8 59. f5 Ra8 60. f6 Rg8+ 61. Kf5 Rb8 62. g5 Ra8 63. g6 Kg8 64. Rg7+ Kf8 65. Rh7 Ra5+ 66. Kg4 1-0

[Event "Jakarta zt"]
[Site "Jakarta"]
[Date "1993.??.??"]
[Round "9"]
[White "Wohl, Aleksandar H"]
[Black "Hsu Li Yang"]
[Result "1/2-1/2"]
[WhiteElo "2360"]
[BlackElo "2370"]
[PlyCount "51"]
[EventDate "1993.01.??"]
[Source "ChessBase"]

1. e4 d5 2. Nc3 Nf6 3. e5 d4 4. Nce2 Ng4 5. f4 f6 6. h3 Nh6 7. Nf3 Nc6 8. c3 d3 9. Ned4 Nxd4 10. cxd4 Nf5 11. Bxd3 Nxd4 12. Qa4+ Nc6 13. Be4 Qd7 14. Qc4 f5 15. Bc2 e6 16. a3 Ne7 17. d4 Nd5 18. g4 g6 19. Bd2 b5 20. Qe2 Bb7 21. Bd3 a6 22. Kf2 c5 23. dxc5 Bxc5+ 24. Kg3 O-O 25. Rad1 h6 26. Bc1 1/2-1/2

[Event "Stary Smokovec"]
[Site "Stary Smokovec"]
[Date "1976.??.??"]
[Round "8"]
[White "Franzen, Jozef"]
[Black "Pribyl, Josef"]
[Result "1/2-1/2"]
[WhiteElo "2290"]
[BlackElo "2435"]
[PlyCount "28"]
[EventDate "1976.12.??"]
[Source "ChessBase"]

1. e4 Nf6 2. Nc3 d6 3. f4 c5 4. Nf3 e6 5. Bb5+ Bd7 6. Bxd7+ Qxd7 7. O-O Be7 8. d3 O-O 9. Ng5 Nc6 10. f5 d5 11. fxe6 fxe6 12. Bf4 h6 13. Nh3 d4 14. Ne2 Bd6 1/2-1/2

[Event "Las Tunas"]
[Site "?"]
[Date "1996.??.??"]
[Round "6"]
[White "Garcia Osmel"]
[Black "Sariego Wilfredo"]
[Result "1/2-1/2"]
[WhiteElo "2295"]
[BlackElo "2430"]
[PlyCount "86"]
[EventDate "1996.??.??"]
[Source "www.chesslib.no"]
[SourceDate "2004.05.04"]

1. e4 d5 2. exd5 Nf6 3. Nc3 Nxd5 4. Bc4 e6 5. Ne4 Nb6 6. Bb3 Bd7 7. Nf3 Bc6 8. Qe2 Bd5 9. c4 Bxe4 10. Qxe4 Nc6 11. O-O Bc5 12. d3 Qd7 13. Rd1 Bd4 14. Nxd4 Qxd4 15. Be3 Qxe4 16. dxe4 Na5 17. c5 Nxb3 18. axb3 Nd7 19. c6 bxc6 20. Ra6 c5 21. Rc6 O-O-O 22. Ra1 Kb7 23. Rca6 Ra8 24. Kf1 Rhb8 25. Ke2 Kc8 26. R1a3 Rb4 27. Kd3 Rab8 28. Rxa7 Rxb3+ 29. Rxb3 Rxb3+ 30. Kc2 Rb5 31. Ra8+ Rb8 32. Ra5 Rb4 33. Ra8+ Kb7 34. Rg8 g6 35. Rg7 Ne5 36. f3 h5 37. Bf4 Rc4+ 38. Kb3 Rb4+ 39. Kc2 Rc4+ 40. Kb3 Rb4+ 41. Kc3 Rc4+ 42. Kd2 Rd4+ 43. Kc3 Rc4+ 1/2-1/2

[Event "BL2-O 9495"]
[Site "GER"]
[Date "1995.??.??"]
[Round "?"]
[White "Bartsch, Berthold"]
[Black "Konopka, Michal"]
[Result "1/2-1/2"]
[WhiteElo "2330"]
[BlackElo "2395"]
[PlyCount "165"]
[EventDate "1994.10.??"]
[Source "www.chesslib.no"]
[SourceDate "2004.05.04"]

1. Nc3 Nf6 2. e4 d5 3. exd5 Nxd5 4. Bc4 Be6 5. Qf3 c6 6. Nge2 Nc7 7. Bxe6 Nxe6 8. b3 g6 9. Bb2 Bg7 10. O-O-O O-O 11. h4 h6 12. Qe3 Nd7 13. h5 g5 14. f4 Nf6 15. fxg5 Nxg5 16. Ng3 e6 17. Nge4 Nd5 18. Nxd5 Bxb2+ 19. Kxb2 cxd5 20. Nxg5 Qxg5 21. Qf2 Kh8 22. Rh3 f5 23. Re1 Qf6+ 24. d4 Rg8 25. Rhe3 Rae8 26. Re5 f4 27. Qe2 Rg5 28. Rxe6 Rxe6 29. Qxe6 Qxd4+ 30. Kb1 Qg7 31. Qe8+ Qg8 32. Qd7 f3 33. Re6 Qg7 34. Qxg7+ Kxg7 35. gxf3 Rf5 36. Rg6+ Kh7 37. Rd6 Kg7 38. Rd7+ Rf7 39. Rxd5 Rxf3 40. Kb2 Rf7 41. a4 Kf6 42. c4 Ke6 43. Kc3 Rf3+ 44. Kb4 a6 45. a5 Ke7 46. Rd4 Rf5 47. Rg4 Kd7 48. Rh4 Kc6 49. Ka4 Rg5 50. b4 Rf5 51. Kb3 Rf3+ 52. Kc2 Rf5 53. Kd3 Rg5 54. Ke4 Kc7 55. Ke3 Rg3+ 56. Kd4 Rg5 57. Kc3 Rg3+ 58. Kb2 Rg2+ 59. Kb3 Rg5 60. Ka3 Kc6 61. Ka4 Rf5 62. Rh2 Rg5 63. Rf2 Rxh5 64. Rf6+ Kc7 65. Rf7+ Kb8 66. b5 axb5+ 67. cxb5 Rh4+ 68. Kb3 Rg4 69. b6 Rg8 70. Rh7 Rc8 71. Rxh6 Ka8 72. Kb4 Kb8 73. Rh7 Rc1 74. Rh8+ Rc8 75. Rh1 Rc2 76. Rh7 Rc1 77. Rh4 Rc8 78. Kb5 Rc1 79. Rh8+ Rc8 80. Rxc8+ Kxc8 81. a6 Kb8 82. a7+ Ka8 83. Ka4 1/2-1/2

[Event "KS Sommerskak op"]
[Site "Copenhagen"]
[Date "1997.??.??"]
[Round "?"]
[White "Salmensuu, Olli"]
[Black "Christensen, Tobias"]
[Result "1-0"]
[WhiteElo "2330"]
[BlackElo "2395"]
[PlyCount "89"]
[EventDate "1997.??.??"]
[Source "www.chesslib.no"]
[SourceDate "2004.05.04"]

1. Nc3 d5 2. e4 Nf6 3. e5 d4 4. exf6 dxc3 5. fxg7 cxd2+ 6. Qxd2 Qxd2+ 7. Bxd2 Bxg7 8. O-O-O Nc6 9. Nf3 Bg4 10. h3 Bxf3 11. gxf3 O-O-O 12. f4 Rd4 13. Rg1 Bh6 14. Rg4 e5 15. c3 Rd6 16. Be3 Rhd8 17. Rxd6 Rxd6 18. Kc2 Rf6 19. fxe5 Nxe5 20. Rg8+ Kd7 21. Bd4 Bf4 22. Bb5+ c6 23. Bd3 b6 24. b4 Rh6 25. Bf5+ Ke7 26. Ra8 Kf6 27. Bc8 a5 28. bxa5 c5 29. Be3 Bxe3 30. fxe3 bxa5 31. Rxa5 Nc4 32. Ra6+ Kg7 33. Rxh6 Kxh6 34. Kd3 Nb6 35. Bf5 Kg7 36. Ke4 h6 37. Ke5 Nc4+ 38. Kf4 Kf6 39. Bd3 Nb6 40. Be4 Na4 41. c4 Nc3 42. a3 Ne2+ 43. Kf3 Nc3 44. Bc2 Na2 45. Ke2 1-0

[Event "AUT Ch"]
[Site "Austria"]
[Date "1993.??.??"]
[Round "7"]
[White "Weinzettl, Ernst"]
[Black "Casagrande, Harald"]
[Result "1-0"]
[WhiteElo "2330"]
[BlackElo "2395"]
[PlyCount "91"]
[EventDate "1993.??.??"]
[Source "www.chesslib.no"]
[SourceDate "2004.05.04"]

1. e4 d5 2. exd5 Nf6 3. Nc3 Nxd5 4. Bc4 e6 5. Nf3 c5 6. O-O Nc6 7. Bxd5 exd5 8. d4 Bg4 9. dxc5 d4 10. Ne4 Be7 11. h3 Bf5 12. Nd6+ Bxd6 13. cxd6 Qxd6 14. Re1+ Be6 15. Ng5 O-O 16. Qd3 g6 17. Ne4 Qe5 18. Bh6 Rfe8 19. f4 Qh8 20. Qb5 d3 21. cxd3 Nd4 22. Qg5 f5 23. Nf6+ Kf7 24. Nxe8 Rxe8 25. Rac1 Nc6 26. Qg3 Qxb2 27. Rb1 Qd4+ 28. Qe3 Qxe3+ 29. Rxe3 b6 30. Rc1 Rc8 31. a3 a5 32. Bg7 b5 33. Bb2 b4 34. axb4 Nxb4 35. Rxc8 Bxc8 36. Ba3 Be6 37. Bxb4 axb4 38. Re5 b3 39. Rb5 Ke7 40. Kf2 Kd6 41. Ke3 Kc6 42. Rb8 Kc5 43. Kd2 Bd5 44. g3 Kd4 45. Rb4+ Kc5 46. Kc3 1-0

[Event "CSR-ch"]
[Site "Frenstat"]
[Date "1982.??.??"]
[Round "14"]
[White "Polasek, Jaroslav"]
[Black "Hausner, Ivan"]
[Result "1-0"]
[WhiteElo "2290"]
[BlackElo "2435"]
[PlyCount "53"]
[EventDate "1982.09.??"]
[Source "ChessBase"]

1. e4 Nf6 2. Nc3 e6 3. d4 c5 4. dxc5 Nc6 5. Be3 Qa5 6. Bd3 Bxc5 7. Bxc5 Qxc5 8. Nge2 a6 9. a4 b6 10. O-O Bb7 11. Qd2 O-O 12. Kh1 Rfd8 13. f4 d6 14. f5 e5 15. Nd5 Nxd5 16. exd5 Nb4 17. f6 Nxd5 18. Qg5 Nxf6 19. Rxf6 e4 20. Rf5 Qc7 21. Nf4 exd3 22. Nh5 f6 23. Nxf6+ Kh8 24. Nxh7 Qxc2 25. Rg1 Re8 26. h3 Kxh7 27. Qh5+ 1-0

[Event "Providencia op"]
[Site "Debrecen"]
[Date "1997.??.??"]
[Round "3"]
[White "Peredy, Ferenc"]
[Black "Laszlo, Janos"]
[Result "1-0"]
[WhiteElo "2430"]
[BlackElo "2295"]
[PlyCount "67"]
[EventDate "1997.07.03"]
[Source "ChessBase"]
[SourceDate "1997.07.29"]

1. e4 d5 2. exd5 Nf6 3. Nc3 Nxd5 4. Bc4 Nf6 5. Nf3 e6 6. O-O Be7 7. d4 Nbd7 8. Qe2 O-O 9. Rd1 Nb6 10. Bd3 Bd7 11. Ne5 Bc6 12. Nxc6 bxc6 13. Bg5 Nbd5 14. Ne4 Nb4 15. Bc4 a5 16. a3 Nbd5 17. Bd3 h6 18. Nxf6+ Bxf6 19. Qe4 Re8 20. Bd2 Ne7 21. c3 Qd5 22. Qh7+ Kf8 23. Bf4 Ra7 24. Re1 Ng8 25. Re3 c5 26. dxc5 Qxc5 27. Rg3 Rb7 28. Be3 Qh5 29. b4 Bxc3 30. Rc1 axb4 31. axb4 Bxb4 32. Qxg7+ Ke7 33. Bg6 Bc3 34. Qxf7+ 1-0

[Event "CZE Team Ch 9596"]
[Site "Czech Republic"]
[Date "1996.??.??"]
[Round "9"]
[White "Tobyas, Miroslav"]
[Black "Sergeev, Vladimir"]
[Result "0-1"]
[WhiteElo "2315"]
[BlackElo "2410"]
[PlyCount "86"]
[EventDate "1995.??.??"]
[Source "www.chesslib.no"]
[SourceDate "2004.05.04"]

1. e4 Nf6 2. Nc3 Nc6 3. d4 d5 4. e5 Nd7 5. Bg5 Nb6 6. a4 a5 7. Bb5 h6 8. Bh4 Bf5 9. g4 Bd7 10. h3 Qc8 11. Bg3 e6 12. Nf3 Bb4 13. O-O Na7 14. Bd3 Bxc3 15. bxc3 Nxa4 16. Qd2 c5 17. c4 dxc4 18. Bxc4 b5 19. Bb3 Bc6 20. d5 Bxd5 21. Bxd5 exd5 22. Qxd5 Qc6 23. Qd3 Nb2 24. Qc3 Nc4 25. Rfd1 O-O 26. Nd2 Nxd2 27. Rxd2 b4 28. Qc4 Nb5 29. Rd5 Rfc8 30. Rad1 Nc3 31. Rd7 Qe6 32. Qxe6 fxe6 33. R1d6 Ne2+ 34. Kg2 Nd4 35. Rb6 Rab8 36. Ra6 Ra8 37. Rb6 Rcb8 38. Rbd6 a4 39. f4 a3 40. f5 Rf8 41. Rb6 Rf7 42. fxe6 Nxe6 43. Rd1 Nd4 0-1

[Event "POR-ch sf playoff g/20"]
[Site "?"]
[Date "2002.12.12"]
[Round "1"]
[White "Galego Luis"]
[Black "Padeiro Jose"]
[Result "1-0"]
[WhiteElo "2511"]
[BlackElo "2212"]
[PlyCount "85"]
[EventDate "2002.??.??"]
[Source "www.chesslib.no"]
[SourceDate "2004.05.04"]

1. e4 d5 2. exd5 Nf6 3. Nc3 Nxd5 4. Bc4 c6 5. Qf3 Nf6 6. Nge2 Bg4 7. Qg3 e6 8. d3 Bxe2 9. Nxe2 Nbd7 10. O-O Nb6 11. Bb3 Bd6 12. Qf3 Qc7 13. h3 O-O-O 14. a4 h5 15. a5 Nbd7 16. d4 e5 17. a6 b6 18. Bxf7 Kb8 19. Bb3 Rdf8 20. Qd3 e4 21. Qc3 Ng4 22. Be3 Nh2 23. Rfd1 Nf3+ 24. Kf1 g5 25. gxf3 exf3 26. Ng1 g4 27. Be6 Nf6 28. d5 c5 29. Qc4 Nd7 30. Bxd7 Qxd7 31. h4 g3 32. Qa4 b5 33. Qe4 gxf2 34. Bxf2 Re8 35. Qd3 Bh2 36. Ra5 c4 37. Qxf3 Rhf8 38. Qg2 Bxg1 39. Kxg1 Rg8 40. Bg3+ Kc8 41. d6 Kb8 42. Ra3 Rg4 43. Qb7+ 1-0

[Event "ISR-ch"]
[Site "ISR"]
[Date "1986.??.??"]
[Round "?"]
[White "Afek, Yochanan"]
[Black "Shvidler, Eliahu"]
[Result "1-0"]
[WhiteElo "2285"]
[BlackElo "2435"]
[PlyCount "113"]
[EventDate "1986.??.??"]
[Source "ChessBase"]

1. e4 Nf6 2. Nc3 Nc6 3. d4 d6 4. d5 Nb8 5. Nf3 g6 6. Bb5+ Bd7 7. Bc4 Bg7 8. O-O Bg4 9. h3 Bxf3 10. Qxf3 O-O 11. Qe2 c6 12. Re1 Nbd7 13. Be3 Qa5 14. Rad1 Rfc8 15. dxc6 bxc6 16. f4 Ne8 17. Qg4 Ndf6 18. Qf3 e6 19. Bb3 d5 20. f5 dxe4 21. Nxe4 Qxf5 22. Qxf5 gxf5 23. Nc5 Nd5 24. Bd4 Nef6 25. Bc4 Rab8 26. Ba6 Rd8 27. Be5 Ne4 28. Bxb8 Nxc5 29. Be5 Bxe5 30. Rxe5 Rb8 31. Bf1 Ne4 32. b3 Re8 33. c4 Ndc3 34. Rd7 c5 35. b4 f6 36. Rxc5 Nxc5 37. bxc5 Rc8 38. Rxa7 Rxc5 39. a4 e5 40. g3 Ne4 41. a5 Nxg3 42. a6 Nxf1 43. Kxf1 Rc6 44. c5 f4 45. Ra8+ Kg7 46. a7 Ra6 47. c6 e4 48. c7 Ra1+ 49. Ke2 f3+ 50. Kf2 Ra2+ 51. Kg3 Rg2+ 52. Kh4 f2 53. Rg8+ Kh6 54. Rxg2 f1=Q 55. c8=Q Qxg2 56. Qf8+ Kg6 57. Qg8+ 1-0

[Event "Kaluga (Russia)"]
[Site "?"]
[Date "2002.??.??"]
[Round "6"]
[White "Ditiatev Sergey"]
[Black "Danin Alexandre"]
[Result "1-0"]
[WhiteElo "2385"]
[BlackElo "2335"]
[PlyCount "49"]
[EventDate "2002.??.??"]
[Source "www.chesslib.no"]
[SourceDate "2004.05.04"]

1. e4 d5 2. Nc3 Nf6 3. e5 Nfd7 4. e6 fxe6 5. d4 Nf6 6. Bf4 a6 7. h4 c5 8. dxc5 Qa5 9. Bxb8 Rxb8 10. Qd4 Bd7 11. Nf3 Qc7 12. Ne5 b6 13. c6 Bxc6 14. Bxa6 Nd7 15. Nxc6 Qxc6 16. Bb5 Qc5 17. Qa4 Rd8 18. O-O-O g6 19. h5 Bh6+ 20. Kb1 Qc7 21. Nxd5 exd5 22. Rxd5 O-O 23. Bxd7 Rxf2 24. Be6+ Kf8 25. Qd4 1-0